[Event "Zalakaros op 37th"]
[Site "Zalakaros"]
[Date "2018.05.30"]
[Round "6"]
[White "Toth, Istvan2222"]
[Black "Boronyak, Arpad"]
[Result "0-1"]
[WhiteElo "1941"]
[BlackElo "2153"]
[PlyCount "100"]
[EventDate "2018.05.25"]
[EventType "swiss"]
[EventRounds "9"]
[EventCountry "HUN"]
[SourceTitle "EXT 2019"]
[Source "ChessBase"]
[SourceDate "2018.10.10"]
[SourceVersion "1"]
[SourceVersionDate "2018.10.10"]
[SourceQuality "1"]

1. d4 Nf6 2. Nf3 g6 3. c4 Bg7 4. Nc3 c5 5. e3 0-0 6. Be2 b6 7. 0-0 d6 8. b3 Bb7 9. Bb2 e6 10. Qc2 Nc6 11. Rad1 Qe7 12. Qb1 Rad8 13. d5 exd5 14. Nxd5 Nxd5 15. Bxg7 Kxg7 16. cxd5 Nb4 17. Bc4 Na6 18. Rfe1 Nc7 19. e4 b5 20. Bd3 f6 21. Qb2 Kg8 22. h3 Qg7 23. a4 a6 24. Qe2 Rb8 25. axb5 axb5 26. Qc2 Ra8 27. Rc1 Rfc8 28. Qe2 Qd7 29. Qb2 Qg7 30. Qe2 Rcb8 31. Qc2 Ra3 32. Nd4 Ba6 33. Nc6 Ra8 34. Qb2 Bb7 35. Ra1 b4 36. Bc4 Kf8 37. f4 Bxc6 38. dxc6 Qe7 39. Bd5 R8a7 40. Kf2 Nb5 41. g4 Nc3 42. Rxa3 Rxa3 43. Qc1 Ra2+ 44. Kf3 f5 45. g5 fxe4+ 46. Bxe4 Qe6 47. f5 gxf5 48. Qf4 Nxe4 49. c7 Rf2+ 50. Ke3 Qxb3# 0-1

[Event "HUN-chT2 Szechenyi 1617"]
[Site "Hungary"]
[Date "2016.12.11"]
[Round "6.2"]
[White "Toth, Daniel3333"]
[Black "Boronyak, Arpad"]
[Result "0-1"]
[WhiteElo "2126"]
[BlackElo "2145"]
[PlyCount "88"]
[EventDate "2016.09.25"]
[EventType "team-tourn"]
[EventRounds "11"]
[EventCountry "HUN"]
[SourceTitle "EXT 2021"]
[Source "ChessBase"]
[SourceDate "2020.10.23"]
[SourceVersion "1"]
[SourceVersionDate "2020.10.23"]
[SourceQuality "1"]
[WhiteTeam "Keszthely Spartacus"]
[BlackTeam "Csuti Baki Agrocentrum"]
[WhiteTeamCountry "HUN"]
[BlackTeamCountry "HUN"]

1. c4 g6 2. Nc3 Bg7 3. d4 c5 4. d5 d6 5. e4 Nf6 6. g3 b5 7. cxb5 a6 8. bxa6 Bxa6 9. Bxa6 Nxa6 10. Nf3 0-0 11. 0-0 Qb6 12. Rb1 Rfb8 13. Nd2 Nd7 14. a3 Ne5 15. Qe2 Nc7 16. f4 Nd3 17. Nc4 Nxc1 18. Rfxc1 Bd4+ 19. Kf1 Qa6 20. b3 Ra7 21. a4 Rab7 22. Nd2 Qa8 23. Qd3 Rb4 24. Na2 R4b6 25. Nc4 Ra6 26. Nc3 Rb4 27. a5 Qc8 28. Kg2 Bxc3 29. Rxc3 Nb5 30. Rc2 Nd4 31. Ra2 Qb7 32. Rab2 Qb5 33. Kf2 Rxa5 34. Qd1 Ra8 35. e5 Qd7 36. exd6 exd6 37. Qd2 Qh3 38. Rh1 Re8 39. Qd3 Qd7 40. Re1 Rxe1 41. Kxe1 Qb5 42. Qb1 Qb8 43. Qd3 Nxb3 44. Qc3 Na5 0-1

[Event "HUN-chT 1617"]
[Site "Hungary"]
[Date "2016.10.30"]
[Round "1.12"]
[White "Gyorkos, Lajos"]
[Black "Boronyak, Arpad"]
[Result "1-0"]
[WhiteElo "2340"]
[BlackElo "2148"]
[PlyCount "80"]
[EventDate "2016.10.30"]
[EventType "team-tourn"]
[EventRounds "9"]
[EventCountry "HUN"]
[SourceTitle "CBM 175 Extra"]
[Source "ChessBase"]
[SourceDate "2016.12.12"]
[SourceVersion "1"]
[SourceVersionDate "2016.12.12"]
[SourceQuality "1"]
[WhiteTeam "Paks"]
[BlackTeam "Csuti"]
[WhiteTeamCountry "HUN"]
[BlackTeamCountry "HUN"]

1. Nf3 Nf6 2. g3 g6 3. Bg2 Bg7 4. 0-0 0-0 5. d4 c5 6. c4 cxd4 7. Nxd4 Nc6 8. Nc3 Qb6 9. Nc2 d6 10. b3 Bd7 11. Rb1 Rac8 12. Bg5 Qd8 13. Qd2 b6 14. Rbc1 a6 15. Rfd1 Be6 16. Bxc6 Rxc6 17. Nb4 Rc5 18. Nxa6 Ra5 19. Nb4 Qa8 20. Bxf6 Bxf6 21. Ncd5 b5 22. Nxf6+ exf6 23. c5 dxc5 24. Rxc5 Kg7 25. h4 h5 26. Qc2 Re8 27. f3 Qb8 28. Kg2 Qb6 29. Rd2 Raa8 30. Qc3 Rac8 31. Rc2 Bd7 32. Nd3 b4 33. Qd2 Rb8 34. R5c4 Bb5 35. Rxb4 Qa6 36. Nc5 Qa3 37. Re4 Red8 38. Rd4 Re8 39. e4 Rbc8 40. Qb4 Qxb4 1-0

[Event "HUN-chT2 Szechenyi 1516"]
[Site "Hungary"]
[Date "2016.03.20"]
[Round "9.1"]
[White "Egresi, Mate"]
[Black "Boronyak, Arpad"]
[Result "1-0"]
[WhiteElo "2178"]
[BlackElo "2179"]
[PlyCount "99"]
[EventDate "2015.09.13"]
[EventType "team-tourn"]
[EventRounds "11"]
[EventCountry "HUN"]
[SourceTitle "EXT 2017"]
[Source "ChessBase"]
[SourceDate "2016.10.25"]
[SourceVersion "1"]
[SourceVersionDate "2016.10.25"]
[SourceQuality "1"]
[WhiteTeam "Lovo"]
[BlackTeam "Csuti Baki Agrocentrum"]
[WhiteTeamCountry "HUN"]
[BlackTeamCountry "HUN"]

1. d4 Nf6 2. c4 c5 3. d5 b5 4. cxb5 a6 5. bxa6 Bxa6 6. Nc3 d6 7. e4 Bxf1 8. Kxf1 g6 9. g3 Bg7 10. Kg2 0-0 11. Nf3 Nbd7 12. a4 Qa5 13. Bd2 Qb6 14. Qc2 Rfb8 15. Nb5 Ne8 16. Ra3 Nc7 17. Nxc7 Qxc7 18. b4 Qa7 19. Rb1 cxb4 20. Rxb4 Rxb4 21. Bxb4 Rb8 22. Bd2 Nc5 23. Be3 Rb2 24. Qc1 Qa5 25. e5 Qb4 26. Bxc5 dxc5 27. Rc3 Rb1 28. Qc2 Rb2 29. Qc1 Rb1 30. Qe3 Qxa4 31. Rxc5 Qa6 32. Nd2 Rd1 33. Rc6 Qb7 34. e6 Bf6 35. Ne4 Qb5 36. Nxf6+ exf6 37. exf7+ Kg7 38. f8Q+ Kxf8 39. Rxf6+ Kg7 40. Qe7+ Kh6 41. Qf8+ Kh5 42. Rf5+ gxf5 43. Qxf5+ Kh6 44. Qf4+ Kg7 45. Qg4+ Kf6 46. Qxd1 Ke7 47. Qd4 Qb1 48. Qe5+ Kd8 49. d6 Qb7+ 50. f3 1-0

[Event "HUN-chT2 Szechenyi 1516"]
[Site "Hungary"]
[Date "2015.10.18"]
[Round "3.2"]
[White "Jonas, Zsolt"]
[Black "Boronyak, Arpad"]
[Result "1/2-1/2"]
[WhiteElo "2105"]
[BlackElo "2179"]
[PlyCount "172"]
[EventDate "2015.09.13"]
[EventType "team-tourn"]
[EventRounds "11"]
[EventCountry "HUN"]
[SourceTitle "CBM 170 Extra"]
[Source "ChessBase"]
[SourceDate "2016.02.25"]
[SourceVersion "1"]
[SourceVersionDate "2016.02.25"]
[SourceQuality "1"]
[WhiteTeam "Ezust Huszar"]
[BlackTeam "Csuti Baki Agrocentrum"]
[WhiteTeamCountry "HUN"]
[BlackTeamCountry "HUN"]

1. e4 c5 2. Nf3 e6 3. c4 Nc6 4. Nc3 d6 5. d4 cxd4 6. Nxd4 Nf6 7. Be3 Be7 8. Be2 0-0 9. Nxc6 bxc6 10. 0-0 Qa5 11. Qd2 Qb4 12. b3 Rd8 13. a3 Qb7 14. Qc2 e5 15. Rfd1 Ng4 16. Bc1 Be6 17. h3 Nf6 18. b4 Rac8 19. Rb1 d5 20. exd5 cxd5 21. c5 Qd7 22. Bb5 Qc7 23. Na4 d4 24. Bc4 Qd7 25. Bxe6 Qxe6 26. Nb2 Nd5 27. Bd2 e4 28. Re1 e3 29. fxe3 dxe3 30. Nc4 Bg5 31. Qb3 Bh4 32. Re2 Bf2+ 33. Kh1 Nf4 34. Bxe3 Nxe2 35. Bxf2 Nf4 36. Nd6 Qg6 37. Bg3 Ne2 38. Bh2 Rc7 39. Rf1 Re7 40. b5 Nd4 41. Qg3 Qc2 42. c6 Qc5 43. a4 Ne2 44. Qh4 g5 45. Ne4 gxh4 46. Nxc5 Ng3+ 47. Bxg3 hxg3 48. a5 Rd5 49. Nd7 Rdxd7 50. cxd7 Rxd7 51. Rb1 Kf8 52. b6 axb6 53. axb6 Rb7 54. Kg1 Ke7 55. Kf1 Kd6 56. Ke2 Kc6 57. Kf3 f6 58. Kxg3 Rg7+ 59. Kf3 Kb7 60. g4 Rg5 61. Kf4 h5 62. gxh5 Rxh5 63. Rb3 Rc5 64. h4 Rc4+ 65. Kg3 f5 66. Rb5 Rg4+ 67. Kh3 Rg1 68. Rxf5 Kxb6 69. Rg5 Re1 70. Kg4 Kc7 71. Rd5 Re4+ 72. Kg5 Kc6 73. Rf5 Kd6 74. h5 Re6 75. Rf3 Ke7 76. Rf2 Re1 77. Kg6 Rg1+ 78. Kh7 Rg5 79. h6 Rg1 80. Kh8 Rg6 81. h7 Rg1 82. Ra2 Kf7 83. Ra7+ Kf6 84. Ra8 Kf7 85. Ra2 Kf8 86. Rf2+ Ke7 1/2-1/2

[Event "HUN-chT2 Szechenyi 1314"]
[Site "Hungary"]
[Date "2013.09.08"]
[Round "1.1"]
[White "Fendrik, Lajos"]
[Black "Boronyak, Arpad"]
[Result "0-1"]
[WhiteElo "2190"]
[BlackElo "2224"]
[PlyCount "78"]
[EventDate "2013.09.08"]
[EventType "team-tourn"]
[EventRounds "11"]
[EventCountry "HUN"]
[SourceTitle "EXT 2016"]
[Source "ChessBase"]
[SourceDate "2015.10.08"]
[SourceVersion "1"]
[SourceVersionDate "2015.10.08"]
[SourceQuality "1"]
[WhiteTeam "Zala Volan"]
[BlackTeam "Baki Agrocentrum"]
[WhiteTeamCountry "HUN"]
[BlackTeamCountry "HUN"]

1. d4 Nf6 2. Bg5 e6 3. Nd2 Be7 4. e4 d5 5. e5 Nfd7 6. Bxe7 Qxe7 7. c3 c5 8. Ngf3 Nc6 9. a3 f6 10. exf6 Qxf6 11. Bb5 0-0 12. Bxc6 bxc6 13. 0-0 cxd4 14. cxd4 e5 15. dxe5 Nxe5 16. Nxe5 Qxe5 17. b4 a5 18. Nb3 axb4 19. axb4 Ba6 20. Re1 Qb2 21. f3 Bc4 22. Rb1 Qc3 23. Qd4 Qc2 24. Rb2 Qg6 25. Na5 Bb5 26. Rb3 Rfe8 27. Rbe3 Rxe3 28. Qxe3 Qd6 29. Nb7 Qxb4 30. Qe6+ Kh8 31. Nd6 Qd4+ 32. Kh1 h6 33. Nf7+ Kh7 34. Ne5 Qd2 35. Rg1 Qe3 36. Qg6+ Kh8 37. Nxc6 Ra6 38. Qb1 Bxc6 39. Re1 Rb6 0-1

[Event "HUN-chT2 Charousek 1213"]
[Site "Hungary"]
[Date "2013.04.07"]
[Round "10"]
[White "Boronyak, Arpad"]
[Black "Kincs, Imre"]
[Result "1/2-1/2"]
[WhiteElo "2213"]
[BlackElo "2167"]
[PlyCount "86"]
[EventDate "2012.09.16"]
[EventType "team-tourn"]
[EventRounds "11"]
[EventCountry "HUN"]
[SourceTitle "EXT 2014"]
[Source "ChessBase"]
[SourceDate "2013.11.20"]
[SourceVersion "1"]
[SourceVersionDate "2013.11.20"]
[SourceQuality "1"]
[WhiteTeam "Csuti"]
[BlackTeam "Penzugyor II"]
[WhiteTeamCountry "HUN"]
[BlackTeamCountry "HUN"]

1. e4 e5 2. Bc4 Nc6 3. c3 Qe7 4. Nf3 d6 5. 0-0 g6 6. d4 Bg7 7. Bg5 Nf6 8. Re1 h6 9. Bh4 a6 10. Nbd2 g5 11. Bg3 Nh7 12. Bd5 Nb8 13. dxe5 dxe5 14. Nc4 Nd7 15. Ne3 Nb6 16. Bb3 h5 17. Nd5 Nxd5 18. exd5 f6 19. h4 Bg4 20. Qd3 0-0-0 21. Nd4 Qd7 22. Nc6 Qxc6 23. Qxh7 Qd7 24. Qc2 Bf5 25. Qe2 g4 26. Qe3 Bh6 27. Qa7 Qb5 28. Rad1 Rhe8 29. c4 Qb6 30. Qxb6 cxb6 31. f3 gxf3 32. gxf3 Bf8 33. Bf2 Kc7 34. Ba4 Bd7 35. Bc2 Bb4 36. Re2 Rg8+ 37. Kh1 Rg7 38. a3 Bc5 39. b4 Bxf2 40. Rxf2 Rg3 41. Rg1 Rdg8 42. Rxg3 Rxg3 43. f4 Rxa3 1/2-1/2

[Event "HUN-chT2 Charousek 1213"]
[Site "Hungary"]
[Date "2013.03.24"]
[Round "9"]
[White "Boronyak, Arpad"]
[Black "Somogyi, Istvan"]
[Result "1/2-1/2"]
[WhiteElo "2213"]
[BlackElo "2208"]
[PlyCount "123"]
[EventDate "2012.09.16"]
[EventType "team-tourn"]
[EventRounds "11"]
[EventCountry "HUN"]
[SourceTitle "EXT 2014"]
[Source "ChessBase"]
[SourceDate "2013.11.20"]
[SourceVersion "1"]
[SourceVersionDate "2013.11.20"]
[SourceQuality "1"]
[WhiteTeam "Csuti"]
[BlackTeam "MLTC II"]
[WhiteTeamCountry "HUN"]
[BlackTeamCountry "HUN"]

1. e4 c5 2. Nc3 Nc6 3. f4 g6 4. Nf3 Bg7 5. Bc4 e6 6. 0-0 Nge7 7. Qe1 0-0 8. d3 Nd4 9. Nxd4 cxd4 10. Ne2 d5 11. Bb3 dxe4 12. dxe4 d3 13. Nc3 dxc2 14. Bxc2 b5 15. Be3 a6 16. Qf2 Bb7 17. Rad1 Qc8 18. Bc5 Re8 19. Rd3 Bc6 20. Qh4 Qb7 21. Rfd1 b4 22. Na4 Bb5 23. Rh3 h6 24. Nb6 Qc7 25. Qf2 Rab8 26. a4 bxa3 27. bxa3 Nc8 28. a4 Nxb6 29. axb5 axb5 30. Bd6 Qc6 31. Bxb8 Rxb8 32. f5 exf5 33. exf5 g5 34. f6 Qxf6 35. Qxf6 Bxf6 36. Rxh6 Kg7 37. Rh7+ Kg8 38. Rd6 Be5 39. Rc6 Rd8 40. Rh5 f6 41. Kf1 Nd5 42. Bb3 Kg7 43. Rh3 Nf4 44. Rf3 Rd2 45. g3 Ng6 46. Rf2 Rd3 47. Bc2 Ra3 48. Rb6 Ra1+ 49. Ke2 Ra2 50. Kd3 Rb2 51. Rb7+ Kf8 52. Rf1 Rb4 53. Ke3 Bd4+ 54. Ke4 Ne7 55. Rd1 Bc5+ 56. Kf3 Rc4 57. Bd3 Rc3 58. Rxb5 Nc6 59. Rb7 Ne5+ 60. Ke4 Nxd3 61. Rxd3 f5+ 62. Kd5 1/2-1/2

[Event "Zalakaros op 31st"]
[Site "Zalakaros"]
[Date "2012.06.15"]
[Round "8"]
[White "Boronyak, Arpad"]
[Black "Madl, Ildiko"]
[Result "1/2-1/2"]
[WhiteElo "2233"]
[BlackElo "2376"]
[PlyCount "22"]
[EventDate "2012.06.08"]
[EventType "swiss"]
[EventRounds "9"]
[EventCountry "HUN"]
[SourceTitle "EXT 2014"]
[Source "ChessBase"]
[SourceDate "2013.11.20"]
[SourceVersion "1"]
[SourceVersionDate "2013.11.20"]
[SourceQuality "1"]

1. e4 e5 2. Nf3 Nc6 3. Nc3 Bb4 4. Bc4 Nf6 5. d3 h6 6. 0-0 d6 7. Nd5 Nxd5 8. Bxd5 0-0 9. c3 Bc5 10. h3 Bb6 11. Be3 Be6 1/2-1/2

[Event "Zalakaros op 31st"]
[Site "Zalakaros"]
[Date "2012.06.10"]
[Round "3"]
[White "Dankhazi, Andras"]
[Black "Boronyak, Arpad"]
[Result "1-0"]
[WhiteElo "2114"]
[BlackElo "2233"]
[PlyCount "119"]
[EventDate "2012.06.08"]
[EventType "swiss"]
[EventRounds "9"]
[EventCountry "HUN"]
[SourceTitle "EXT 2014"]
[Source "ChessBase"]
[SourceDate "2013.11.20"]
[SourceVersion "1"]
[SourceVersionDate "2013.11.20"]
[SourceQuality "1"]

1. d4 Nf6 2. c4 c5 3. Nf3 cxd4 4. Nxd4 e5 5. Nb5 d5 6. cxd5 Bc5 7. N5c3 e4 8. Nxe4 Qa5+ 9. Nec3 0-0 10. e3 Rd8 11. Bd2 Qc7 12. Qc2 Nxd5 13. Nxd5 Rxd5 14. b4 Bb6 15. Qxc7 Bxc7 16. Nc3 Rd8 17. Nb5 Be5 18. Bc3 Bxc3+ 19. Nxc3 Nc6 20. a3 Be6 21. Be2 Rac8 22. Rc1 Ne5 23. 0-0 Rd2 24. Rfd1 Rxd1+ 25. Rxd1 g6 26. Rc1 Kg7 27. f4 Nc4 28. Bxc4 Rxc4 29. Ne2 Rxc1+ 30. Nxc1 Bc4 31. Kf2 f5 32. Ne2 Kf6 33. Nc3 Ke6 34. g3 Bd3 35. Kf3 b6 36. Kf2 Kd6 37. Kf3 Ke6 38. g4 fxg4+ 39. Kxg4 Kf6 40. h4 Bf5+ 41. Kf3 Bd3 42. e4 Bc4 43. Ke3 Ke6 44. Kd4 Bf1 45. a4 Bg2 46. a5 bxa5 47. bxa5 Bf1 48. Kc5 Bd3 49. Kc6 h6 50. Kb7 a6 51. Kb6 Kd6 52. e5+ Ke6 53. Na4 Kf5 54. e6 Kxf4 55. e7 Bb5 56. Nc3 Be8 57. Kxa6 g5 58. hxg5 h5 59. Ne2+ Kxg5 60. Kb6 1-0

[Event "HUN-chT 1112"]
[Site "Hungary"]
[Date "2012.05.06"]
[Round "10"]
[White "Boronyak, Arpad"]
[Black "Nagy, Ervin"]
[Result "1/2-1/2"]
[WhiteElo "2233"]
[BlackElo "2269"]
[PlyCount "75"]
[EventDate "2011.09.25"]
[EventType "team-tourn"]
[EventRounds "11"]
[EventCountry "HUN"]
[SourceTitle "EXT 2013"]
[Source "ChessBase"]
[SourceDate "2012.11.22"]
[SourceVersion "1"]
[SourceVersionDate "2012.11.22"]
[SourceQuality "1"]
[WhiteTeam "Csuti"]
[BlackTeam "Honved"]
[WhiteTeamCountry "HUN"]
[BlackTeamCountry "HUN"]

1. e4 d6 2. d4 Nf6 3. Nc3 g6 4. f4 Bg7 5. Nf3 0-0 6. Be2 c5 7. d5 e6 8. dxe6 Bxe6 9. 0-0 Nc6 10. f5 gxf5 11. Bg5 h6 12. Bh4 Ne7 13. e5 dxe5 14. Nxe5 Qd4+ 15. Qxd4 cxd4 16. Nb5 Nfd5 17. Nf3 Nc6 18. Bd3 Ne3 19. Rf2 Ne5 20. Nfxd4 Nxd3 21. cxd3 Bd7 22. Re1 Rfe8 23. Rf3 Nd5 24. Rxe8+ Rxe8 25. Nxf5 Bxb5 26. Rg3 Kf8 27. Nxg7 Re1+ 28. Kf2 Rb1 29. b3 Rb2+ 30. Ke1 Nf4 31. Bf6 Rxg2 32. Rxg2 Nxg2+ 33. Kd2 Nf4 34. Nf5 h5 35. d4 Nd5 36. Be5 Bd7 37. Bd6+ Kg8 38. Ne7+ 1/2-1/2